Počasie ovplyvňuje predaj nápojov

Faktory, ktoré ovplyvňujú logistiku nápojov. Teplota ako dôležitý faktor skladovania nápojov. Vplyv ročného obdobia na dopyt. Požiadavka na flexibilitu výroby a distribúcie. Skladovanie legislatívne regulované v Potravinovom kódexe. Riadenie obehu vratných obalov.

Salvato in:
Dettagli Bibliografici
Autore principale: Oravec, Jozef
Natura: Capitolo di libro
Lingua:slovacco
Soggetti:
Tags: Aggiungi Tag
Nessun Tag, puoi essere il primo ad aggiungerne!!

MARC

LEADER 00000naa a2200000 4500
001 0117806
005 20231011072416.8
041 0 |a slo 
044 |a CZ 
245 1 0 |a Počasie ovplyvňuje predaj nápojov  |c Jozef Oravec 
520 |a Faktory, ktoré ovplyvňujú logistiku nápojov. Teplota ako dôležitý faktor skladovania nápojov. Vplyv ročného obdobia na dopyt. Požiadavka na flexibilitu výroby a distribúcie. Skladovanie legislatívne regulované v Potravinovom kódexe. Riadenie obehu vratných obalov. 
610 2 0 |a distribúcia 
610 2 0 |a logistika 
610 2 0 |a skladovanie 
610 2 0 |a predaj 
610 2 0 |a nápoje alkoholické 
610 2 0 |a nápoje nealkoholické 
610 2 0 |a obaly 
100 1 |a Oravec, Jozef